[Event "YUG Team Ch"]
[Site "Herceg Novi MNE"]
[Date "2001.05.??"]
[Round "5"]
[White "Ivanisevic, Ivan"]
[Black "Sedlak, Nikola"]
[Result "1/2-1/2"]
[WhiteElo "2560"]
[BlackElo "2460"]
[EventDate "2001.05.??"]

1. d4 d5 2. c4 c6 3. Nc3 Nf6 4. Nf3 e6 5. Bg5 Nbd7 6. e3 Qa5 7. cxd5 Nxd5 
8. Qd2 Bb4 9. Rc1 h6 10. Bh4 c5 {this is yet another way of counter 
attacking the white center for Black. } 11. a3 ( 11. Bd3 cxd4 12. exd4 b6 
13. O-O O-O 14. a3 Bxc3 15. bxc3 Bb7 16. Rfe1 {a complicated position 
arises, which resembles one of the variations of the Nimzo-Indian defense,
1/2-1/2, Beliavsky Alexander G (SLO) 2645 - Pinter Jozsef (HUN) 2595, 
Hungary 1998} ) 11. ... Bxc3 12. bxc3 b6 ( {Accepting the pawn sacrifice 
is extremely risky for Black: } 12. ... Qxa3 13. e4 N5f6 14. Bd3 Qa5 15. 
d5! exd5 16. e5! Ne4 17. Bxe4 dxe4 18. Qd6 g5 19. Nxg5! Qb6 20. Nxe4 Qxd6 
21. Nxd6+ Kf8 22. f4 Nb6 23. O-O Rg8 24. f5 Nc4 25. Nxc4 Rg4 {1-0(26) 
Petursson, Margeir (2555) - Halasz, Tamas (2415) / Naestved Open (5), 
Naestved DEN 1988} ) 13. e4!? {When immediately seizes space in the 
center, White will have to reckon with the opponent's pressure on the 
center with pieces.} ( {After a more solid continuation} 13. Bd3 Ba6 14. 
O-O Bxd3 15. Qxd3 cxd4 16. cxd4 O-O 17. e4 N5f6 18. Rc2 ( 18. Rc7 Rac8 19.
 Rfc1 Nc5! ) 18. ... Rac8 19. Rfc1 Rxc2 20. Rxc2 Rd8 21. Bxf6 Nxf6 22. h3 
b5 23. Rc5 a6 {1/2-1/2 Khalifman, Alexander (2667) - Jussupow, A. (2610) /
34. Olympiad (6), Istanbul TUR 2000} ) 13. ... N5f6 14. Bd3 Bb7 15. d5 c4!
{ Series of the tactical complication starts. } ( 15. ... exd5 16. e5! ) 
16. Bc2!? ( 16. dxe6 {has been tested} 16. ... cxd3 17. exd7+ Nxd7 18. 
Qxd3 g5 19. Bg3 Nc5 20. Qd6 {and here opponents agreed on draw. the 
following variation demonstrates an approximate dynamic balance there:} 
20. ... Nxe4 21. Qc7 O-O! 22. Qxb7 Nc5 23. Qc6 Nd3+ 24. Ke2 Rac8 25. Qxh6 
Nxc1+ 26. Rxc1 Qb5+ 27. Ke1 Rfe8+ 28. Be5 Rxe5+ 29. Nxe5 Qxe5+ ) 16. ... 
exd5 17. e5 Ne4 18. Bxe4 dxe4 19. e6! O-O! {Both sides desperately fight 
for the initiative.} ( {The following continuations are not satisfactory 
for Black:} 19. ... fxe6? 20. Qd6 g5 21. Qxe6+ Kd8 22. Rd1 Qxc3+ 23. Kf1 
Qg7 24. Ne5 ) ( 19. ... Nc5? 20. Qd6 f6 21. Ne5! Rd8 22. Qc7 O-O 23. e7 
Rde8 24. exf8=Q+ Rxf8 25. Ng6 Nd3+ 26. Kd2 Nxc1 27. Rxc1 e3+ 28. fxe3 Qd5+
29. Ke1 Qxg2 30. Qxc4+ Rf7 31. Ne7+ Kf8 32. Nf5 Rd7 33. Bf2 Qh1+ 34. Qf1 
Qxh2 35. Ng3 ) 20. Qxd7 ( 20. exd7? exf3 21. O-O ( 21. d8=Q Raxd8 22. Bxd8
fxg2 23. Rg1 Re8+ 24. Kd1 Qa4+ 25. Rc2 Qxa3 -+ ) ( 21. gxf3 Bxf3 22. Rg1 
Qe5+ 23. Kf1 Qxh2 24. Be7 Qh3+ 25. Ke1 Rfd8 26. Bxd8 Rxd8 -+ ) 21. ... f6 
22. Rfe1 Rad8 23. Bg3 Qa4 24. Re7 Rf7 ) 20. ... exf3 21. Qxb7 Qe5+ 22. Kf1
Qf4 23. exf7+ Kh7 24. Re1 fxg2+ 25. Kxg2 Qxh4 26. Rhg1 Rad8 27. Re3 Qg4+ 
1/2-1/2

[Event "Poikovsky Karpov 6th"]
[Site "Poikovsky"]
[Date "2005.02.27"]
[Round "2"]
[White "Grischuk, Alexander"]
[Black "Dreev, Aleksey"]
[Result "1-0"]
[WhiteElo "2710"]
[BlackElo "2704"]
[EventDate "2005.02.26"]
[Annotator "Erenburg"]

1. d4 d5 2. c4 c6 3. Nc3 Nf6 4. Nf3 e6 5. Bg5 Nbd7 {Alexei is a great 
expert of the Moscow variation, but against Grischuk he prefered the more 
solid Cambridge Springs variation.} 6. e3 Qa5 7. cxd5 ( 7. Nd2 {is another
theoretical line.} ) 7. ... Nxd5 8. Qd2 Bb4 9. Rc1 h6 10. Bh4 c5 {Other 
theoretical possibilities are:} ( 10. ... O-O 11. Bd3 Re8 12. a3 Bxc3 13. 
bxc3 Qxa3 14. O-O e5 {---> 1-0 Shirov,A-Piket,J/Amsterdam 1995/CBM 49 
[Shirov,A](36)} ) ( 10. ... b6!? {---> 1/2-1/2 
Moiseenko,A-Nadyrhanov,S/Krasnodar 1999/CBM 75_02 (39)[Tsesarsky,I]} ) 11.
 a3 {The most principled continuation. White gets a pair of bishops, 
sacrificing the "a" pawn. White tried also:} ( 11. Bd3 cxd4 12. exd4 O-O {
---> 1-0 Georgiev,K-Rabiega,R/Ohrid 2001/CBM 084/ [Tsesarsky] (95)} ) ( 
11. Be2 cxd4 12. Nxd4 O-O 13. Nb3 Qb6 14. O-O Nxc3 15. bxc3 Ba3 16. Rb1 
Qc7 =, quiet {0-1 Dimitrov,V-Pelletier,Y/Barcelona ESP 2000/The Week in 
Chess 301 (75)} ) ( 11. e4 â‡„â‡„ N5f6 12. Bd3?? ( 12. Bxf6 Nxf6 13. Bb5+ 
Bd7 ( 13. ... Qxb5? 14. Nxb5 Bxd2+ 15. Nxd2 +/- ) 14. Bxd7+ Nxd7 15. a3 
Bxc3 16. Qxc3 Qxc3+ 17. bxc3 Rc8 18. Ke2 Nf6 â‡„â‡„ ) 12. ... g5! -+ {--->
0-1 Bosboom,M-Gurevich,M/Wijk aan Zee 2001/CBM 081/[Tsesarsky] (33)} ) 
11. ... Bxc3 12. bxc3 b6 {preparing to change the light-squared bishop on 
a6. The capture on a3 is extremely dangerous for black:} ( 12. ... Qxa3?! 
13. e4 N5f6 14. Bd3 Qa5 15. d5 exd5 ( 15. ... c4 16. Bxc4 ( 16. Bb1 O-O 
17. dxe6 fxe6 -/+ ) 16. ... Nxe4 ( 16. ... exd5 17. exd5! ( 17. Bxd5? Nxd5
18. exd5 O-O 19. O-O f6 20. Rfe1 Nb6 21. c4 Qxd2 22. Nxd2 Bf5 23. f3 Rae8 
24. Bf2 Rxe1+ 25. Rxe1 Nc8 ( 25. ... Rc8 26. Bxb6 axb6 27. Re7 b5 28. cxb5
Rc5 29. Rxb7 +/- ) 26. g4 Bd7? ( 26. ... Bg6 27. h4 += ( 27. Nb3 Re8 28. 
Rc1 b6 29. Nd4 += ) ( 27. c5?! Rd8 28. d6 b6 =, quiet ) ) 27. c5! Rd8 28. 
Nb1 Be8 ( 28. ... Bb5 29. Nc3 Bc4 30. d6 b6 31. d7! ) 29. Nc3 +/- {1-0 
Gurevich,M-Cardon,H/Belgique 1994/Inf 60/ (41)} ) 17. ... O-O 18. O-O Nb6 
19. Bxf6 Nxc4 20. Qd4 gxf6 21. Qxc4 +/- ) 17. Qd4 exd5 18. Qxg7 ( 18. Bxd5
Nef6 19. Qe3+ Kf8 20. Bb3 g5 21. Bg3 Kg7 22. O-O Re8 -/+ ) 18. ... Rf8 19.
 Qd4 Nb6 20. Bd3 Qa4 21. O-O â‡„â‡„ ) 16. e5 Ne4 17. Bxe4 dxe4 18. Qd6 g5 
19. Nxg5 ( 19. e6 fxe6 20. Qxe6+ Kf8 21. Qf5+ Kg7 22. Ne5 Nxe5 23. Qxe5+ 
Kh7 24. Qxe4+ Kg7 25. Bg3 +- ) 19. ... Qb6 ( 19. ... hxg5 20. Bxg5 f6 21. 
exf6 +- ) 20. Nxe4 Qxd6 21. Nxd6+ Kf8 22. f4 Nb6 23. O-O Rg8 24. f5 Nc4 
25. Nxc4 Rg4 26. Bf6 {1-0 Petursson,M-Halasz,T/Naestved op 1988 (26)} ) 
13. c4 {This is a positional continuation. When steering play into a 
complicated endgame, White stakes his hops on the strength of his two 
bishops. 

One of the logical attempts to get an advantage. Alexander hopes to use 
his pair of bishops in an endgame. White has the following alternatives:} 
( 13. Bd3 Ba6 14. O-O N5f6 15. e4 Bxd3 16. Qxd3 cxd4 17. cxd4 O-O 18. Rc2 
Rac8 19. Rfc1 Rxc2 20. Rxc2 Rd8 21. Bxf6 Nxf6 22. h3 b5 23. Rc5 {1/2-1/2 
Khalifman,A-Jussupow,A/ Istanbul TUR 2000 (23)} ) ( 13. Ne5 Nxe5 14. dxe5 
g5 15. e4 Ne7 16. Rd1 O-O 17. Bg3 {---> 0-1 
Sherbakov,R-Goloshchapov,A/Ekaterinburg 1999/CBM 75 [Tsesarsky,I] (58)} ) 
( 13. e4 N5f6 14. Bd3 Ba6 {---> 1/2-1/2 Atalik,S-Nogueiras,J/Havana 1999/ 
CBM 71[Tsesarsky,I](63)} ( 14. ... Bb7 {---> 1/2-1/2 Kramnik,V-Ivanchuk,V/
Novgorod 1995/CBM 048/[Dolmatov] (20)} ) ) ( 13. Bg3 Bb7 {---> 0-1 
Gligoric, S-Blagojevic,D/Herceg Novi 2001/CBM 83_01 [Tsesarsky,I](34)} ) 
13. ... Qxd2+ 14. Nxd2 Ne7 N {the black knights retreat to flexible 
positions. 

The main idea of this move is a threat to eliminate white's dark-squared 
bishop by Ne7-f5. In previous games black moved the knight to f6:} ( 
14. ... N5f6 {---> 0-1 Bareev,E-Fressinet,L/Cannes 2002/CBM 
088/[Tsesarsky] (42)} ) ( 14. ... N5f6 15. Be2 Bb7 16. O-O O-O 17. f3 Rfd8
( 17. ... cxd4 18. exd4 e5!? {1/2-1/2, Grischuk Alexander (RUS) 2719 - 
Filippov Valerij (RUS) 2639, Tripoli (Libya) 2004.06.24)} ) 18. Rfd1 Rac8 
19. a4 g5 20. Bf2 Ne8 21. Nb3 cxd4 22. exd4 Nd6 23. Bf1 Ba6 24. Nd2 Nb8 
25. c5 Bxf1 {0-1(42) Bareev, Evgeny (2707) - Fressinet, Laurent (2591) / 
Cannes NAO Masters (8), Cannes FRA 2002} ) 15. f3 {preparing the f2 square
for the dark-squared bishop.} ( 15. Be2 {is met by} 15. ... Nf5 ) 15. ... 
Ba6 {Black's light-squared bishop has nothing to do on a long diagonal, 
due to white's g2 and f3 pawns. In opposite, it presses white's c4 pawn 
from a6.} 16. Be2 Rc8 17. O-O Nf5 18. Bf2 Ke7 {connecting the rooks. It is
logical to centralize the monarch in the endgame.} 19. Rfe1 g5 {occupying 
some space on the kingside.} 20. Bf1 Nd6 21. a4! {White's plan is to carry
out a4-a5 in order to create the weakness on black's queenside.

 Having harmoniously deployed pieces, White begins to prepare for active 
operations on the queenside. } 21. ... Rhd8 22. Rc3 {opening the first 
rank for a kingside rook.} ( {Worse is} 22. a5?! bxa5 23. Ra1? cxd4 -/+ ) 
22. ... Nf6 {threatening to attack the central pawn with Nf5.} 23. Rc2! 
Nd7 ( 23. ... Nf5 {is met by} 24. Nb3 ) 24. Rec1 ( {White gets nothing 
after} 24. a5 bxa5 25. Ra1 Nb7 26. Nb3 cxd4 27. exd4 Nb6 =, quiet ) 
24. ... Nb8 {intending to transfer the knight to a5 via c6. It should be 
noted, that the knight protects the a6 bishop as well.

 Black is ready to execute the blockading maneuver Nb8-c6-a5, however... }
25. a5! cxd4?! ( {Black could equalize after} 25. ... bxa5 26. Ra2 Nc6 27.
 Nb3 cxd4 28. exd4 Bxc4 29. Bxc4 Nb4 30. Rxa5 Rxc4 31. Rxc4 Nxc4 32. Rxa7+
Kf6 33. Ra4 Rb8 34. Nc5 Nb2! =, quiet ) 26. axb6 axb6 27. exd4 b5?! {
White's hanging pawns supported by the two bishops have a great potential.
Therefore Black must create the supporting points for his knights. } ( {
Better was} 27. ... Nf5!? 28. d5! exd5 29. Bd3! += ) 28. c5 Nf5 29. Ra2? {
White restricts the mobility of the opponent's minor pieces on the 
queenside, which may become a substantial pretext for sacrificing the 
white d4-pawn. 

missing more attractive continuation:} ( 29. Nb3! b4 ( 29. ... Nc6 30. Ra1
Bb7 31. Bxb5 Ncxd4 32. Nxd4 Nxd4 33. Bxd4 Rxd4 34. Ra7 +- ) 30. c6 Rc7 ( 
30. ... Bxf1 31. c7 +/- ) 31. g4! ( 31. Be1 Bxf1 32. Bxb4+ Kf6 33. Ba5 
Rdc8 34. Bxc7 Rxc7 =, quiet ) 31. ... Nd6 32. d5! exd5 33. Bb6 Rdc8 34. 
Bxc7 Rxc7 35. Bxa6 Nxa6 36. Re2+ Kf6 37. Ra2 Nb8 38. Ra8 Nxc6 39. Ra6 Nc4 
40. Nd4 +- ) 29. ... Nxd4 30. Ne4 e5 ( {Black doesn't equalize after} 
30. ... Rc6 31. Nd6 e5 32. Re1 Rcxd6 ( 32. ... Kf6 33. f4 +/- ) 33. cxd6+ 
Kxd6 34. Rea1 Bb7 35. Bxd4 exd4 36. Bxb5 += ) 31. f4! {using a vulnerable 
location of black's monarch. 

This efficient breakthrough extends range of action of the white bishops. 
} 31. ... gxf4? {losing an exchange, thus, allowing white to get a 
decisive advantage...} ( 31. ... f6 32. Nd6 Rc6 ( 32. ... Rc7 33. Bxd4 
exd4 34. Re2+ Kf8 35. Rce1 Nc6 36. Re6 +/- ) 33. Bxd4 exd4 34. Re2+ Kf8 ( 
34. ... Kd7 35. Rd2 +/- ) 35. Rce1 +/- ) ( {Black should have played:} 
31. ... exf4! 32. Nd6 ( 32. Re1 Ne6 ) 32. ... Rxc5 33. Rxc5 Rxd6 34. Rc7+ 
Kf6 35. Rxa6 ( 35. Bxd4+ Rxd4 36. Ra7 Bc8 =, quiet ) 35. ... Nxa6 36. 
Bxd4+ Rxd4 37. Rc6+ Kg7 38. Rxa6 b4 =, quiet ) 32. Bh4+ Ke6? { This is a 
decisive mistake.} ( {Black could have retained chances for survival by} 
32. ... Kd7 {doesn't change the evaluation of the position too much:} 33. 
Bxd8 Kxd8 ( 33. ... Rxd8 34. c6+ Kc7 35. Nc5 Bc8 36. Ra7+ Kxc6 37. Ne6+ +-
) 34. Nd6 Rc7 35. Bxb5 Nxb5 36. Nxb5 Bxb5 37. Rb2 +- ) 33. Bxd8 Rxd8 34. 
c6! +- {Black is going to lose furhter material...} 34. ... Rc8 ( 34. ... 
Ndxc6 {loses as well:} 35. Nc5+ Kf5 36. Nxa6 +- ) 35. c7 1-0